000 00583nam a22001817a 4500
999 _c166248
_d166248
005 20190717151152.0
010 _aENG-125979
020 _a9789385958352
_c499.00
035 _aEN-109511
037 _bDBAD/PUB
082 _a480
100 _aJones, H.S.V.
245 _aWords and sentences /
_cby H.S.V.Jones
260 _aNew Delhi
_bThe Readers Paradise
_c2016
270 _a103, 4787/23, Ansari Road, Darya Ganj
_bNew Delhi
_e110002
_k011-23246222, 09811197091
_mthereadersparadisesales@gmail.com
300 _a166p.
_c22cm(Hb)
942 _2ddc
_cEN
_h480
_mJON